LIBRARY & INFORMATION CENTRE, KCAET, TAVANUR

ONLINE PUBLIC ACCESS CATALOGUE (OPAC)

Ecology of tropical food crops / (Record no. 2797)

MARC details
000 -LEADER
fixed length control field 00428cam a2200169ua 4500
020 ## - INTERNATIONAL STANDARD BOOK NUMBER
ISBN 0521240824
041 ## - LANGUAGE CODE
Language code of text/sound track or separate title eng
082 ## - DEWEY DECIMAL CLASSIFICATION NUMBER
Classification number 634.6
Item number NOR/EC
100 ## - MAIN ENTRY--AUTHOR NAME
Personal name Norman, MT.
245 ## - TITLE STATEMENT
Title Ecology of tropical food crops /
260 ## - PUBLICATION, DISTRIBUTION, ETC. (IMPRINT)
Place of publication :
Name of publisher Cambridge university press ,
Year of publication 1984.
300 ## - PHYSICAL DESCRIPTION
Number of Pages 369 ; .
700 1# - ADDED ENTRY--PERSONAL NAME
Personal name Pearson cj, Seavle PGE .
942 ## - ADDED ENTRY ELEMENTS (KOHA)
Koha item type Books
Holdings
Withdrawn status Lost status Damaged status Home library Current library Date acquired Full call number Accession Number Koha item type
      KAUAET KAUAET 31/08/1987 634.6 16329 Books
free website counter